| 000 | 01544namaa2200373 i 4500 | ||
|---|---|---|---|
| 003 | EG-GICUC | ||
| 005 | 20251231133752.0 | ||
| 008 | 251231s2000 ku ak||jr|||| 001 0 ara d | ||
| 020 | _a9990610525 | ||
| 040 |
_aEG-GiCUC _bara _cEG-GiCUC _dEG-GiCUC _erda |
||
| 041 | 1 |
_aara _heng |
|
| 082 | 0 | 4 |
_221 _a403.028 _bP593 |
| 092 | 0 | 4 |
_221 _a403.028 _bP593 |
| 099 | _a403.028 P593 | ||
| 100 | 1 |
_aبيشت، هريبرت _eمؤلف. |
|
| 245 | 1 |
_aمقدمة فى المصطلحية / _cتأليف هريبرت بيشت، جنيفر دراسكاو ؛ ترجمة محمد محمد حلمى هليل. |
|
| 250 | _aالطبعة الاولى | ||
| 264 |
_aالكويت : _bجامعة الكويت، لجنة التأليف والتعريب والنشر، _c2000. |
||
| 300 |
_a384 صفحة : _bإيضاحيات، أشكال؛ _c24 سم |
||
| 336 |
_2rdacontent _atext |
||
| 337 |
_2rdamedia _aUnmediated |
||
| 338 |
_2rdacarrier _avolume |
||
| 504 | _aيشتمل على ارجاعات ببليوجرافية وكشاف. | ||
| 541 |
_aد. جابر عصفور ؛ _bالقاهرة ؛ _cإهداء ؛ _d2024. |
||
| 650 | 1 | 7 |
_aالمعاجم _2qrmak |
| 650 | 1 | 7 |
_aاللغات _2qrmak |
| 650 | 1 | 7 |
_aاللسانيات _2qrmak |
| 651 | 1 | _2qrmak | |
| 700 | 1 |
_aدراسكاو، جنيفر _eمؤلف مشارك. |
|
| 700 | 1 |
_aهليل، محمد محمد حلمى _eمترجم. |
|
| 710 | _aجامعة الكويت، مجلس النشر العلمى، لجنة التأليف والتعريب والنشر | ||
| 905 | _aAya | ||
| 942 |
_2ddc _cBK _e21 _n0 |
||
| 999 |
_c177247 _d177247 |
||